000 00584cam a22002291 4500
001 sa 63003948
003 DLC
005 20260227111945.0
008 890615s1962 ii 000 0 hino
010 _asa 63003948
035 _a(OCoLC)19876515
040 _aDLC
_cWaU
_dDLC
042 _apremarc
043 _aa-ii---
050 0 0 _aPK2031
_b.B53
100 1 _aBhatnagar, Ram Ratan.
245 1 0 _aHindī sāhitya kā saṅkshipta itihāsa.
260 _c[1962]
300 _a12, 404 p.
_c19 cm.
500 _aIn Hindi.
650 0 _aHindi literature
_xHistory and criticism.
999 _c55379
_d55379